Dictionary of New Testament background (Record no. 3998)
[ view plain ]
| 000 -LEADER | |
|---|---|
| fixed length control field | 00441nam a22001337a 4500 |
| 008 - FIXED-LENGTH DATA ELEMENTS--GENERAL INFORMATION | |
| fixed length control field | 250630b |||||||| |||| 00| 0 eng d |
| 100 ## - MAIN ENTRY--AUTHOR | |
| Author | Craig A. Evans |
| 245 ## - TITLE STATEMENT | |
| Title | Dictionary of New Testament background |
| Remainder of title | a compendium of contemporary biblical scholarship |
| 260 ## - PUBLICATION, DISTRIBUTION, ETC. (IMPRINT) | |
| Place of publication | Illinois |
| Name of publisher | Intervarsity Christian fellowship |
| Date of publication | 2000 |
| 300 ## - COLLATION | |
| Pagination | xxxiv, 1328p. |
| 650 ## - TRACINGS | |
| Main Subject | Bible. New Testament—Dictionaries. |
| 942 ## - ADDED ENTRY ELEMENTS (KOHA) | |
| Item type | Books |
| 050 ## - LIBRARY OF CONGRESS CALL NUMBER | |
| Classification number | BS2312 |
| Item number | D53 |
| Source of classification or shelving scheme | Not for loan | Permanent location | Current location | Date acquired | Accession No. | Full call number | Barcode. | Koha item type |
|---|---|---|---|---|---|---|---|---|
| Library of Congress Classification | Samuel Ogbemudia Main Library, University of Abuja | Samuel Ogbemudia Main Library, University of Abuja | 06/30/2025 | 2025/65072 | BS2312. D53 | 2025-2706 | Books |